000 00574nam a2200205Ia 4500
005 20250326144336.0
008 250326s9999 xx 000 0 und d
020 _a978-0-387-77316-2
037 _aTextbook
040 _aFMSL
_beng
_cFMSL
041 _aeng
_2eng
084 _aXobB28 P8
_qFMSL
100 _aKleiber Christian
245 0 _aApplied econometrics with R
_cKleiber Christian; Zeileis Achim
260 _aNY
_bNY, Springer
_c2008
300 _ax,222
365 _b2777.3240000000001
942 _cTB
_hXobB28 P8
999 _c1303378
_d1303378